000 01317nam a2200325Ia 4500
001 ebr10361914
003 CaPaEBR
006 m u
007 cr cn|||||||||
008 090825s2009 si a sb 001 0 eng d
010 _z 2009277983
020 _z9789812834980
020 _z9812834982
040 _aCaPaEBR
_cCaPaEBR
035 _a(OCoLC)613636171
050 1 4 _aTA347.F5
_bV65 2009eb
100 1 _aVoller, V. R.
_q(Vaughan R.)
245 1 0 _aBasic control volume finite element methods for fluids and solids
_h[electronic resource] /
_cVaughan R. Voller.
260 _aSingapore ;
_aHackensack, NJ :
_bWorld Scientific,
_cc2009.
300 _axiv, 170 p. :
_bill.
490 1 _aIISc research monograph series ;
_vv. 1
504 _aIncludes bibliographical references (p. 167-168) and index.
533 _aElectronic reproduction.
_bPalo Alto, Calif. :
_cebrary,
_d2011.
_nAvailable via World Wide Web.
_nAccess may be limited to ebrary affiliated libraries.
650 0 _aFinite element method.
650 0 _aFinite volume method.
655 7 _aElectronic books.
_2local
710 2 _aebrary, Inc.
830 0 _aIISc research monograph series ;
_vv. 1.
856 4 0 _uhttp://site.ebrary.com/lib/rucke/Doc?id=10361914
_zAn electronic book accessible through the World Wide Web; click to view
999 _c105084
_d105084